| 000 | 00571nam a2200181Ia 4500 | ||
|---|---|---|---|
| 008 | 151213s9999 xx 000 0 und d | ||
| 020 | _a978-0-07-110128-8 | ||
| 082 |
_a658.45 _b658.45 |
||
| 100 | _aReymond V. Lesiker , Marie E. Flattly & Kathryn Rentz | ||
| 245 |
_aBusiness Communication _cReymond V. Lesiker , Marie E. Flattly & Kathryn Rentz |
||
| 250 | _a11th | ||
| 260 |
_aBoston _bMc Graw Hill, Irwin _c2008 |
||
| 300 | _a6186 p. | ||
| 650 | _aBusiness | ||
| 650 | _aBusiness | ||
| 700 | _aReymond V. Lesiker , Marie E. Flattly & Kathryn Rentz | ||
| 999 |
_c3474 _d3474 |
||